DIRECT BONDED RETAINERS (Record no. 3114)

MARC details
000 -LEADER
fixed length control field 00368nam a2200145Ia 4500
008 - FIXED-LENGTH DATA ELEMENTS--GENERAL INFORMATION
fixed length control field 150201s1986 xx 000 0 und d
082 ## - DEWEY DECIMAL CLASSIFICATION NUMBER
Classification number 617.645
Item number D1986M
100 ## - MAIN ENTRY--PERSONAL NAME
Personal name McLAUGHLIN,GERALD
245 ## - TITLE STATEMENT
Title DIRECT BONDED RETAINERS
250 ## - EDITION STATEMENT
Edition statement 1ST
260 ## - PUBLICATION, DISTRIBUTION, ETC. (IMPRINT)
Name of publisher, distributor, etc. LIPPINCOTT PUBLICATION
Place of publication, distribution, etc. PHILADELPHIA
Date of publication, distribution, etc. 1986
300 ## - PHYSICAL DESCRIPTION
Extent 1-320
650 ## - SUBJECT ADDED ENTRY--TOPICAL TERM
Topical term or geographic name as entry element PROSTHODONTICS
942 ## - ADDED ENTRY ELEMENTS (KOHA)
Source of classification or shelving scheme Dewey Decimal Classification
Koha item type Books
Holdings
Withdrawn status Lost status Source of classification or shelving scheme Damaged status Not for loan Home library Current library Date acquired Source of acquisition Cost, normal purchase price Serial Enumeration / chronology SGTU Bill Number Total Checkouts Full call number Barcode Date last seen Bill Date Koha item type Date last checked out
    Dewey Decimal Classification     SGT Dental Library SGT Dental Library 09/03/2005 U.B.S.DELHI 600.00 1 SGTU 1305   617.645 D1986M FD3011 09/02/2015 06/04/2012 Books  
    Dewey Decimal Classification     SGT Dental Library SGT Dental Library 10/03/2005 U.B.S.DELHI 500.00 1 SGTU 1305   617.6 D1986M FD3185 09/02/2015 18/04/2012 Books  
    Dewey Decimal Classification     SGT Dental Library SGT Dental Library 10/03/2005 U.B.S.DELHI 500.00 1 SGTU 1305   617.6 D1986M FD3186 09/02/2015 18/04/2012 Books  
    Dewey Decimal Classification     SGT Dental Library SGT Dental Library 10/03/2005 U.B.S.DELHI 500.00 1 SGTU 1305   617.6 D1986M FD3187 09/02/2015 18/04/2012 Books  
    Dewey Decimal Classification     SGT Dental Library SGT Dental Library 10/03/2005 U.B.S.DELHI 500.00 1 SGTU 1305 1 617.6 D1986M FD3188 15/09/2016 18/04/2012 Books 07/09/2016
    Dewey Decimal Classification     SGT Dental Library SGT Dental Library 10/03/2005 U.B.S.DELHI 500.00 1 SGTU 1305   617.6 D1986M FD3189 09/02/2015 18/04/2012 Books